000
00337nam a2200145Ia 4500
008
150201s2012 xx 000 0 und d
082
_a
616.01
_b
M12K
100
_a
KUMAR, SURINDER
245
_a
TB. OF MICROBIOLOGY
250
_a
1ST
260
_b
JAYPEE
_a
INDIA
_c
2012
300
_a
1-784
650
_a
MICROBIOLOGY
942
_2
ddc
_c
BK
_0
7
999
_c
1422
_d
1422